[Event "7th Cattolica Open-A 2020"]
[Site "Cattolica"]
[Date "2020.09.03"]
[Round "4.9"]
[White "Basso, Pier Luigi"]
[Black "Paduano, Claudio"]
[Result "1-0"]
[WhiteElo "2603"]
[BlackElo "2266"]
[Annotator "TA"]
[PlyCount "69"]
[EventDate "2020.08.31"]
[EventType "swiss"]
[EventCountry "ITA"]
[SourceTitle "playchess.com"]
[Source "ChessBase"]
[SourceQuality "1"]

{[%evp 9,69,14,25,3,39,38,35,21,34,20,27,38,25,31,31,31,35,40,46,44,41,28,68,26,96,89,91,75,112,115,139,144,144,141,145,143,131,142,131,128,132,106,144,138,120,123,123,118,268,277,1491,1320,1812,943,1678,1345,29994,1227,29979,29979,1864,934]} 1. d4 Nf6 2. c4 e6 3. Nf3 d5 4. Nc3 Be7 5. Bf4 O-O 6. a3 {D37: Queen's Gambit Declined: 5 Bf4.} a6 7. e3 Nbd7 8. cxd5 {White is slightly better.} exd5 9. Bd3 c6 10. Qc2 Re8 11. O-O $36 {[%mdl 2048] White is more active.} Nf8 12. h3 Ng6 13. Bh2 Bd6 14. Bxd6 Qxd6 15. b4 {[#]} Bd7 $146 ({Predecessor:} 15... Be6 16. Na4 Nd7 17. Nc5 b6 18. Nb3 Red8 19. Rfc1 Ngf8 {1-0 (56) Plazuelo Pascual,J (2340)-Ruperez Benito,A (2348) Madrid 2018}) 16. Rab1 a5 (16... Qe7 $11 {remains equal.}) 17. Na4 axb4 18. axb4 b5 19. Nc5 Ra3 20. Rfc1 Bc8 21. Ra1 Rxa1 22. Rxa1 Nd7 23. Nxd7 Bxd7 24. Ra7 Rd8 25. Qc3 Qb8 26. Qa3 Be8 27. Qa5 Nf8 28. Ne5 {Rxf7 is the strong threat.} Ne6 {This costs Black the game.} (28... f6 $16) 29. Bf5 $18 c5 $2 {[#]} (29... Rc8 30. Qa6 h6) 30. Bxe6 fxe6 31. bxc5 b4 32. Qa6 b3 33. Rb7 (33. Qxe6+ $142 Kh8 34. Qe7 Bd7 35. Nf7+ {[%mdl 64] Double Attack} Kg8 36. Nxd8 Qxd8 {[%mdl 64] Remove Defender} 37. Qxd8+ Kf7 38. Qxd7+ {[%mdl 64] Double Attack} Kg6 39. Ra6+ Kh5 40. Qg4#) 33... b2 34. Qxe6+ Kh8 35. Qb6 {Accuracy: White = 88%, Black = 45%.} 1-0

[Event "7th Cattolica Open-A 2020"]
[Site "Cattolica"]
[Date "2020.09.03"]
[Round "4.10"]
[White "Bettalli, Francesco"]
[Black "Papadiamandis, Elliot"]
[Result "1/2-1/2"]
[WhiteElo "2206"]
[BlackElo "2204"]
[Annotator "TA"]
[PlyCount "46"]
[EventDate "2020.08.31"]
[EventType "swiss"]
[EventCountry "ITA"]
[SourceTitle "playchess.com"]
[Source "ChessBase"]
[SourceQuality "1"]

{[%evp 18,46,12,6,6,8,36,34,35,22,37,9,20,24,20,0,0,0,19,18,73,-4,0,-5,-4,-29,0,0,0,-95,-68]} 1. d4 Nf6 2. c4 g6 3. Nf3 Bg7 4. Nc3 d5 5. cxd5 Nxd5 6. e4 Nxc3 7. bxc3 c5 8. Be3 Qa5 9. Qd2 Nc6 10. Rb1 $1 {10.Rb1 is better than 10.Rc1.} a6 {D85: Exchange Grünfeld: Unusual White 7th moves and lines with 7 Nf3.} 11. Rc1 O-O 12. d5 Rd8 $1 {White is slightly better.} 13. Bd3 Bg4 14. O-O ({Of course not} 14. dxc6 Bxf3 15. gxf3 (15. cxb7 Rab8 $15) 15... c4 $15) 14... Bxf3 15. gxf3 e6 {[#]} 16. c4 $146 {Hoping for Qxa5.} ({Predecessor:} 16. dxc6 c4 17. cxb7 Rab8 18. Rb1 Rxd3 19. Qb2 Qh5 20. Bf4 Be5 21. Bg3 Rxf3 22. Qb6 Qg4 23. Rfd1 h5 24. Qc5 Bf4 25. Qe7 Bxg3 {½-½ (25) Vertes,A (2343)-Bobel,P (2176) ICCF email 2008}) 16... Qxd2 17. Bxd2 Nd4 18. Kg2 Rdc8 (18... b5 $11) 19. Ba5 (19. Be3 $16) 19... Be5 20. Bb6 a5 21. Rb1 Kf8 22. Rfe1 Ra6 23. d6 {[#]} (23. a4 $1 $11) 23... Ke8 $1 {Accuracy: White = 68%, Black = 84%.} 1/2-1/2

[Event "7th Cattolica Open-A 2020"]
[Site "Cattolica"]
[Date "2020.09.04"]
[Round "5.1"]
[White "Studer, Noel"]
[Black "Degraeve, Jean-Marc"]
[Result "*"]
[WhiteElo "2573"]
[BlackElo "2530"]
[Annotator "TA"]
[PlyCount "75"]
[EventDate "2020.08.31"]
[EventType "swiss"]
[EventCountry "ITA"]
[SourceTitle "playchess.com"]
[Source "ChessBase"]
[SourceQuality "1"]
[WhiteTeam "TuRa Harksheide II"]
[BlackTeam "SV Werder Bremen I"]

{[%evp 12,75,34,34,34,34,41,38,36,38,42,44,47,43,38,39,50,41,54,41,52,50,39,38,36,32,56,52,62,22,81,76,93,97,89,90,129,105,117,77,75,0,95,80,111,65,69,42,64,0,79,79,77,78,94,85,88,78,114,133,141,124,95,68,64,48]} 1. d4 Nf6 2. c4 g6 3. Nc3 Bg7 4. e4 d6 5. h3 O-O 6. Be3 c5 7. Nf3 Qa5 {[#] Strongly threatening ...Nxe4. E90: King's Indian: Classical: Early deviations and 6 h3.} 8. Bd3 cxd4 9. Nxd4 Nc6 10. O-O Nxd4 11. Bxd4 Be6 12. Re1 {[#]} Rac8 $146 ({Predecessor:} 12... Nd7 13. Bxg7 Kxg7 14. Nd5 Bxd5 15. exd5 Rfe8 16. Bf1 Qc5 17. Qd2 a5 18. Rac1 a4 {1-0 (51) Studer,N (2558)-Issa,R (2358) chess.com INT 2020}) 13. b3 Rfe8 14. Bf1 Nd7 15. Bxg7 Kxg7 16. Nd5 Bxd5 17. exd5 Nf6 18. Re3 Rc7 19. a3 {[%cal Ba2a3,Ba3b4][%mdl 32]} Qb6 20. Qd2 a5 (20... e6 $11) 21. Rae1 $16 Qc5 22. b4 axb4 23. axb4 Qb6 24. Qb2 Kg8 25. Ra1 Rcc8 26. Rae1 Rc7 $1 27. g3 Rd7 28. Qa3 Rc7 29. Qa4 Kf8 30. Rf3 (30. Rd1 $14) 30... Rcc8 (30... Qd4 $11 {keeps the balance.}) 31. Qb3 Kg8 32. Qb2 Ra8 33. Rfe3 Qc7 34. Qd2 Kf8 35. g4 b6 36. Rf3 Kg8 37. Qh6 {[#] Hoping for g5.} Rf8 $1 38. Rf4 {Accuracy: White = 82%, Black = 84%.} *

[Event "7th Cattolica Open-A 2020"]
[Site "Cattolica"]
[Date "2020.09.04"]
[Round "5.2"]
[White "Bailet, Pierre"]
[Black "David, Alberto"]
[Result "1/2-1/2"]
[WhiteElo "2500"]
[BlackElo "2520"]
[Annotator "TA"]
[PlyCount "65"]
[EventDate "2020.08.31"]
[EventType "swiss"]
[EventCountry "ITA"]
[SourceTitle "playchess.com"]
[Source "ChessBase"]
[SourceQuality "1"]

{[%evp 25,65,42,36,35,53,55,50,29,32,20,35,40,39,37,33,28,34,29,24,25,29,23,23,23,20,32,27,19,24,13,20,0,0,0,0,0,0,0,0,0,0,0]} 1. e4 c5 2. Nf3 Nc6 3. d4 cxd4 4. Nxd4 e6 5. Nc3 Qc7 6. g3 a6 7. Bg2 d6 8. O-O Bd7 9. Nxc6 Bxc6 10. a4 Nf6 11. a5 Be7 12. Be3 Nd7 13. Na4 O-O 14. Nb6 {B47: Sicilian: Taimanov: 5 Nc3 Qc7 6 f4, 6 g3 and 6 Be2.} Rae8 15. c4 f5 16. Nxd7 {White is slightly better.} Qxd7 17. Qd3 Bxe4 18. Bxe4 fxe4 19. Qxe4 Rf5 20. Rfd1 Bf8 21. Rd3 Qf7 22. Bb6 Rc8 23. b3 {[%cal Bb2b3,Bb3b4][%mdl 32]} d5 24. Qe2 Bc5 25. Bxc5 Rxc5 26. cxd5 Rfxd5 27. b4 (27. Rxd5 {looks sharper.} Rxd5 28. Re1 h5 29. b4 Rd4 30. b5) 27... Rxd3 {The position is equal.} 28. bxc5 $11 {KQR-KQR} Qd7 29. Re1 Rd5 30. Qxe6+ Qxe6 31. Rxe6 Rxc5 32. Re7 Rxa5 33. Rxb7 {Accuracy: White = 100%, Black = 100%.} 1/2-1/2

[Event "7th Cattolica Open-A 2020"]
[Site "Cattolica"]
[Date "2020.09.04"]
[Round "5.3"]
[White "Orfini, Nicolo`"]
[Black "Degraeve, Remy"]
[Result "1/2-1/2"]
[WhiteElo "2225"]
[BlackElo "2349"]
[Annotator "TA"]
[PlyCount "118"]
[EventDate "2020.08.31"]
[EventType "swiss"]
[EventCountry "ITA"]
[SourceTitle "playchess.com"]
[Source "ChessBase"]
[SourceQuality "1"]

{[%evp 20,118,-7,-17,0,-2,10,-17,0,0,0,0,0,0,0,0,0,0,0,0,0,0,111,-100,-100,-100,-110,-116,-96,-89,-82,-112,-99,-93,-13,-109,-30,-156,-44,-52,0,0,-12,-8,-5,-11,0,-68,-8,-27,-8,-20,-20,-89,0,-127,-20,-20,-20,-17,0,-112,-40,-38,0,0,0,-16,-16,-16,-16,-16,-16,-16,-16,-16,-16,-16,-16,-16,-14,-20,0,0,0,0,0,0,0,0,8,8,8,8,72,72,72,72,72,72,72]} 1. c4 Nf6 2. Nc3 g6 3. Nf3 c5 4. e3 Bg7 5. d4 cxd4 6. exd4 d5 7. cxd5 Nxd5 8. Qb3 Nxc3 9. bxc3 O-O 10. Be2 Nc6 11. O-O Na5 {A35: Symmetrical English: 2 Nc3 Nc6 3 Nf3.} 12. Qb4 Be6 13. Ba3 {[#]} Re8 $146 {The position is equal.} ({Predecessor:} 13... Bf6 14. Rac1 Rc8 15. c4 b6 16. d5 Bf5 17. Bb2 Bxb2 18. Qxb2 Rc5 19. Nd4 Qc8 {0-1 (45) Myzyk,J (2105)-Rak,T (2066) Poland 2009}) 14. Bb5 Nc6 15. Bxc6 $1 bxc6 16. Rfe1 Rb8 $36 {[%mdl 2048] Black is more active.} 17. Qc5 Qc7 {aiming for ...Rb5.} 18. Ng5 Bd5 19. c4 Qf4 20. Nh3 Qxd4 (20... Qg4 $1 $11 21. cxd5 Bxd4 22. Qxc6 Rec8) 21. cxd5 $2 (21. Qxd4 $16 {is forced if you want to stay better.} Bxd4 22. Rad1) 21... Qxc5 $17 22. Bxc5 Bxa1 23. Rxa1 cxd5 24. Bxa7 Rb7 $1 {[%cal Rb7a7]} 25. Bc5 Rb5 {[%mdl 1024] Black has strong compensation.} 26. Be3 e5 (26... Reb8 $17 27. f4 Rb1+ 28. Rxb1 Rxb1+ 29. Kf2 Rb2+ 30. Kf3 Rxa2) 27. f3 (27. f4 $11) 27... d4 (27... Reb8 $1 $17 28. Kf2 Rb2+ 29. Kg3 Re2) 28. Bc1 (28. a4 $11 Ra8 29. Bd2) 28... f5 (28... Reb8 $17 {Hoping for ...Rb1.} 29. Kf2 Rb1 30. Rxb1 Rxb1) 29. a4 $15 Ra5 ({Better is} 29... Ra8 $15 30. Bd2 Rb2) 30. Bd2 $11 Ra6 31. Kf1 e4 {White should prevent ...e3.} 32. Nf4 Kf7 33. Ke2 (33. h4 $11) 33... Rd6 (33... Rb6 $15 34. Bc1 g5) 34. h4 h6 35. fxe4 fxe4 36. Bb4 (36. a5 $11) 36... Rd7 (36... Rf6 $17 37. Nd5 Rc6) 37. Ra2 {[#]} (37. a5 $11) 37... g5 ({Black should try} 37... Rb8 $1 $17 {[%cal Rb8b4]} 38. Bd2 g5 39. hxg5 hxg5) 38. hxg5 hxg5 39. Nh3 Ke6 40. Bc5 {[#]} (40. a5 $11 {keeps the balance.}) 40... Rc8 (40... g4 $1 $17 {[%cal Rg4h3]} 41. Nf2 g3) 41. Bb6 $1 $15 Rc3 42. a5 e3 {Threatens to win with ...d3+.} 43. Nxg5+ Kf5 {And now ...d3+ would win.} 44. Nf3 d3+ 45. Kd1 d2 46. Nxd2 Rcd3 {[%cal Rd3d2]} 47. Bxe3 Rxe3 $11 {[%mdl 4096] Endgame KRR-KRN} 48. a6 {Black must now prevent a7.} Ra7 49. Nf3 Kf4 50. Ra4+ Kg3 51. Nd4 {Strongly threatening Nf5+.} Kxg2 52. Nb5 Ra8 53. a7 Re7 54. Kd2 Kf3 55. Kc3 Rg7 56. Kb4 Ke4 (56... Rg4+ $11 {remains equal.} 57. Ka5 Rxa4+ 58. Kxa4 Ke4) 57. Kc5+ $16 {White is better.} Ke5 58. Kb6 Rg1 59. Kb7 Rxa7+ {Accuracy: White = 72%, Black = 66%.} 1/2-1/2

[Event "7th Cattolica Open-A 2020"]
[Site "Cattolica"]
[Date "2020.09.04"]
[Round "5.4"]
[White "Reimanis, Ritvars"]
[Black "Van Foreest, Lucas"]
[Result "*"]
[WhiteElo "2421"]
[BlackElo "2531"]
[Annotator "TA"]
[PlyCount "84"]
[EventDate "2020.08.31"]
[EventType "swiss"]
[EventCountry "ITA"]
[SourceTitle "playchess.com"]
[Source "ChessBase"]
[SourceQuality "1"]

{[%evp 9,84,35,33,27,26,31,35,28,33,0,0,0,0,0,0,-12,-6,-11,-12,-3,-6,-12,0,-14,0,-2,-3,-6,-6,-4,-8,-14,-15,-20,-26,-35,-22,-16,0,-14,0,0,0,0,0,0,0,0,0,0,0,0,0,0,0,0,0,-11,-11,-8,-12,-12,-4,-4,0,0,0,-8,-8,-8,8,0,0,0,0,0,8]} 1. d4 g6 2. c4 Bg7 3. Nf3 d6 4. Nc3 e5 5. e4 Nc6 {[%cal Rc6d4]} 6. Bg5 {A42: Modern Defence: Averbakh Variation.} Nge7 {[%cal Re5d4]} 7. dxe5 dxe5 8. Qxd8+ {White is slightly better.} Nxd8 {[#]} 9. Bxe7 $146 ({Predecessor:} 9. Nd5 Nxd5 10. cxd5 f6 11. Be3 c6 12. Bc4 cxd5 13. Bxd5 Be6 14. O-O-O Bxd5 15. Rxd5 {1-0 (34) Lei,T (2447)-Kadric,D (2545) Caleta 2019}) 9... Kxe7 10. Nd5+ {[%mdl 64] [#] Double Attack} Kd7 11. Rd1 {Threatens to win with Nb6+.} Rb8 12. g3 c6 13. Nb6+ $1 {[%mdl 64] Discovered Attack (Double check)} Ke7 14. Nxc8+ Rxc8 15. Bh3 Ne6 16. Ke2 Rcd8 17. Bxe6 Kxe6 18. g4 Bf6 19. Rxd8 Bxd8 $11 {[%mdl 4096] Endgame KRB-KRN} 20. Rd1 Be7 21. h3 a5 22. Ne1 a4 23. Nd3 {The position is equal.} Rg8 24. Ke3 f5 25. f4 fxg4 26. hxg4 exf4+ 27. Nxf4+ Ke5 28. Nd3+ Ke6 29. Nf4+ Kf6 30. Rd7 {Strongly threatening e5+!} Rg7 {Hoping for ...Bc5+.} 31. Nd3 Ke6 32. Rxb7 {And now Rb6 would win.} Bg5+ {[%mdl 64] [#] Discovered Attack} 33. Kd4 {Intending Nc5+ and mate.} Bf6+ 34. Ke3 $1 $132 {[%mdl 2048] White is not keeping still} Rxb7 35. Nc5+ {[%mdl 64] Double Attack} Ke5 36. Nxb7 {KB-KN} Bg5+ 37. Kf3 $1 Kd4 38. e5 Kxe5 39. Nc5 h5 40. gxh5 gxh5 41. Nxa4 Kd4 42. Nb6 Ke5 {Accuracy: White = 97%, Black = 100%.} *

[Event "7th Cattolica Open-A 2020"]
[Site "Cattolica"]
[Date "2020.09.04"]
[Round "5.5"]
[White "Alanic, Xavier"]
[Black "Basso, Pier Luigi"]
[Result "0-1"]
[WhiteElo "2249"]
[BlackElo "2603"]
[Annotator "TA"]
[PlyCount "82"]
[EventDate "2020.08.31"]
[EventType "swiss"]
[EventCountry "ITA"]
[SourceTitle "playchess.com"]
[Source "ChessBase"]
[SourceQuality "1"]

{[%evp 12,82,10,8,11,11,11,4,5,4,4,4,4,4,4,15,5,13,10,15,14,-8,0,-30,-27,-27,-43,-35,0,-58,-36,-127,-120,-117,-129,-125,-120,-423,-412,-423,-397,-685,-682,-628,-458,-440,-426,-468,-442,-431,-443,-477,-470,-974,-945,-816,-966,-954,-951,-522,-937,-908,-906,-872,-854,-1600,-1044,-1621,-1621,-1600,-1572,-5202,-847]} 1. c4 c6 2. Nf3 d5 3. e3 Nf6 4. Nc3 e6 5. b3 Bd6 6. Bb2 O-O 7. Be2 e5 {A11: English Opening: 1...c6.} 8. cxd5 cxd5 9. Nb5 e4 {The position is equal.} 10. Nfd4 Be5 11. Ne6 fxe6 12. Bxe5 Nc6 13. Bc7 Qd7 14. Bg3 e5 15. d4 exd3 {[#]} 16. Qxd3 $146 ({Predecessor:} 16. Bxd3 Qe7 17. O-O Bg4 18. f3 Bh5 19. Qd2 Rad8 20. Rae1 Kh8 21. Qb2 Qe8 22. Nc3 {½-½ (40) Matlakov,M (2693)-Dubov,D (2644) Sochi 2016}) 16... Ne4 17. a3 Qf7 {And now ...Bf5 would win.} 18. f3 Nxg3 19. hxg3 {[%csl Gh1][%cal Rd3h7]} Bf5 (19... h6 {keeps more tension.} 20. Nd6 e4 21. Qd2 Qe6 22. Nb5 Qe5) 20. Qd2 (20. Nd6 $1 $11 Bxd3 21. Bxd3) 20... Rfd8 21. Rc1 (21. O-O $15) 21... a6 $17 22. Nc3 Na5 $36 {[%mdl 2048] Keeping White busy.} 23. Bd1 d4 24. e4 $2 {[%mdl 8192] Now White is beyond hope.} (24. Ne4 $17 {is more resistant.} Nxb3 25. Ng5 Nxd2 26. Nxf7 Kxf7 27. Rc7+ Kf6 28. Kxd2) 24... dxc3 $19 25. Qxc3 Rdc8 26. Qxa5 $2 (26. Qd2 Rxc1 27. Qxc1) 26... Rxc1 {Black is clearly winning.} 27. exf5 Qxb3 28. Qd2 Qxa3 29. O-O {aiming for Qxc1!} Qc5+ 30. Kh2 {Black must now prevent Qxc1!} Kh8 31. f6 gxf6 32. Rf2 {[#]} (32. Qh6 $142 Rf8 33. Be2 Rxf1 34. Bxf1) 32... Rxd1 $1 {[%mdl 64] Deflection} 33. Qxd1 Qxf2 34. Qd6 Re8 35. Qxf6+ Kg8 36. Qg5+ Kf7 37. Qf5+ {[#]} Ke7 $1 38. Qxe5+ Kd7 39. Qf5+ Kd8 40. Qf7 Qb6 {( -> ...Qh6+)} 41. f4 Qc7 {Accuracy: White = 43%, Black = 91%.} 0-1

[Event "7th Cattolica Open-A 2020"]
[Site "Cattolica"]
[Date "2020.09.04"]
[Round "5.6"]
[White "Palozza, Christian"]
[Black "Solomon, Kenny"]
[Result "*"]
[WhiteElo "2240"]
[BlackElo "2352"]
[Annotator "TA"]
[PlyCount "62"]
[EventDate "2020.08.31"]
[EventType "swiss"]
[EventCountry "ITA"]
[SourceTitle "playchess.com"]
[Source "ChessBase"]
[SourceQuality "1"]

{[%evp 15,62,10,14,0,0,0,0,-13,0,-8,0,-5,16,14,8,17,19,3,23,32,19,29,37,37,29,57,82,72,61,47,38,39,44,40,39,25,26,31,19,4,11,0,25,26,44,44,44,47,46]} 1. d4 Nf6 2. c4 e6 3. Nf3 d5 4. g3 Bb4+ 5. Bd2 Be7 6. Bg2 O-O 7. O-O c6 8. Qc2 Nbd7 9. a4 {E11: Bogo-Indian.} a5 10. Rc1 {10.Na3 is more fashionable. Played by Radoslaw Wojtaszek in July 2020.} Re8 {[#]} 11. Nc3 $146 {The position is equal.} ({Predecessor:} 11. Bf4 Nh5 12. Be3 Nhf6 13. Na3 Bd6 14. Rd1 Qe7 15. Rac1 Ne4 16. Ne1 Bxa3 17. Bxe4 dxe4 18. bxa3 {½-½ (35) Li,D (2467)-Zhou,J (2625) Xingtai 2018}) 11... dxc4 12. Nd1 b6 13. Ne3 Ba6 14. Nxc4 Rc8 15. Nce5 Nxe5 $1 16. Nxe5 c5 17. Nc6 Qd7 18. Nxe7+ Qxe7 19. dxc5 Rxc5 20. Qb3 Nd5 21. e4 Nb4 22. Be3 Rxc1+ 23. Rxc1 Qd6 24. Rd1 Qb8 25. Qc3 Rc8 26. Bf4 $36 {[%mdl 2048] Black is under pressure.} Qb7 27. Qd4 {[#] Intending Qd8+! and mate.} h6 28. e5 Nd5 29. Bxd5 Qxd5 30. Qxd5 exd5 31. Rxd5 Rc4 {Accuracy: White = 100%, Black = 89%.} *

[Event "7th Cattolica Open-A 2020"]
[Site "Cattolica"]
[Date "2020.09.04"]
[Round "5.7"]
[White "Nineuil, Vincent"]
[Black "Krallis, Christos"]
[Result "0-1"]
[WhiteElo "1920"]
[BlackElo "2402"]
[Annotator "TA"]
[PlyCount "58"]
[EventDate "2020.08.31"]
[EventType "swiss"]
[EventCountry "ITA"]
[SourceTitle "playchess.com"]
[Source "ChessBase"]
[SourceQuality "1"]

{[%evp 9,58,9,34,40,31,2,16,-3,11,11,12,0,0,-16,-8,0,25,0,-14,-39,0,0,0,0,5,18,20,10,27,0,0,-16,12,-71,-64,-202,-202,-203,-186,-659,-635,-1070,-1068,-1361,-1372,-29990,-29991,-29991,-29989,-29989,-29990]} 1. d4 Nf6 2. Nf3 b6 3. e3 Bb7 4. Bd3 g6 5. Nbd2 d5 6. O-O {A47: 1 d4 Nf6 2 Nf3 b6: Torre, London and Colle Systems.} Bg7 7. b3 O-O 8. Bb2 {The position is equal.} c5 9. dxc5 bxc5 {[#]} 10. Re1 $146 ({Predecessor:} 10. c4 e6 11. cxd5 exd5 12. Qc2 Nbd7 13. Ne5 Rc8 14. Nxd7 Qxd7 15. Rad1 Rfe8 16. Rfe1 {1-0 (38) Guliyev,N (2559)-Van Dongen,P (2339) Montigny le Bretonneux 2013}) 10... Nc6 11. a3 d4 12. exd4 cxd4 13. Ne4 Qb6 14. b4 Rad8 15. Nc5 Ba8 16. c3 e5 17. cxd4 exd4 18. Rc1 Nd5 19. Qb3 Qb8 20. Bc4 Nf4 21. Rcd1 {[#]} (21. Bf1 $11 {keeps the balance.}) 21... Qc8 $1 $17 {[%cal Rc8g4]} 22. h3 {[#] Now White is beyond hope.} (22. Bf1 $15) 22... Na5 $1 $19 {[%cal Ra5b3][%mdl 576] Deflection} 23. bxa5 {Threatens to win with Ne4.} Qxc5 24. Rc1 $2 (24. Bc1 Rb8 25. Qc2) 24... Qh5 {White must now prevent ...Rb8.} 25. Bxd4 {[#]} Nxh3+ $1 {[%mdl 512]} 26. Kf1 (26. gxh3 Bxf3) 26... Nf4 {( -> ...Qh1+)} 27. Re7 Qh1+ {[%mdl 64] Double Attack. Black mates.} 28. Ng1 Qxg2+ 29. Ke1 Qxg1+ {Accuracy: White = 39%, Black = 94%.} 0-1

[Event "7th Cattolica Open-A 2020"]
[Site "Cattolica"]
[Date "2020.09.04"]
[Round "5.8"]
[White "Carlo, Emanuele"]
[Black "Bifulco, Michel"]
[Result "1/2-1/2"]
[WhiteElo "2280"]
[BlackElo "2251"]
[Annotator "TA"]
[PlyCount "50"]
[EventDate "2020.08.31"]
[EventType "swiss"]
[EventCountry "ITA"]
[SourceTitle "playchess.com"]
[Source "ChessBase"]
[SourceQuality "1"]

{[%evp 9,50,12,38,30,30,25,27,22,43,25,43,50,39,31,14,4,4,7,0,0,0,0,0,-15,-16,-25,20,-44,-35,-76,-16,-16,-16,-16,23,25,45,40,37,62,73,0,0]} 1. e4 e5 2. Nf3 Nc6 3. Bc4 Nf6 4. d3 h6 5. a4 d6 6. a5 {C55: Two Knights: 4 d3, 4 d4 exd4 5 e5 and Max Lange Attack.} a6 7. c3 g5 8. Qb3 {[#] White has an edge.} Qd7 $146 ({Predecessor:} 8... Qe7 9. Nbd2 Nd7 10. Nf1 Nc5 11. Qc2 f5 12. b4 fxe4 13. dxe4 Ne6 14. Ne3 Nf4 {1-0 (41) Savchenko,B (2577)-Gareyev,T (2598) Moscow 2019}) 9. Nbd2 {[%cal Bb1d2,Bd2f1,Bf1e3][%mdl 32]} Bg7 10. Nf1 O-O 11. Ne3 Ne7 {[%cal Bc6e7,Be7g6,Bg6f4][%mdl 32]} 12. O-O c6 13. Qc2 d5 14. Bb3 Qc7 15. Re1 Be6 16. Nf1 Ng6 17. h3 Nh5 18. Be3 (18. d4 $11) 18... Nhf4 19. c4 {Black should prevent cxd5.} d4 (19... Qd7 $17 {White must now prevent ...Bxh3!} 20. Bxf4 Nxf4 21. cxd5 Bxh3 22. dxc6 (22. Ne3 $2 Bxg2 23. Nxg5 hxg5 $19) 22... bxc6) 20. Bxf4 $1 $11 Nxf4 21. c5 Qd7 {next ...Bxh3! is good for Black.} 22. Bxe6 Qxe6 23. Ng3 g4 24. hxg4 Qxg4 {[#] Hoping for ...h5.} 25. Nh2 ({Better is} 25. Kh1 $16) 25... Qg6 {Accuracy: White = 81%, Black = 82%.} 1/2-1/2

[Event "7th Cattolica Open-A 2020"]
[Site "Cattolica"]
[Date "2020.09.04"]
[Round "5.9"]
[White "Alanic, Mickael"]
[Black "Le Goff, Damien"]
[Result "1/2-1/2"]
[WhiteElo "2306"]
[BlackElo "2281"]
[Annotator "TA"]
[PlyCount "29"]
[EventDate "2020.08.31"]
[EventType "swiss"]
[EventCountry "ITA"]
[SourceTitle "playchess.com"]
[Source "ChessBase"]
[SourceQuality "1"]

{[%evp 24,29,3,0,0,0,0,-7]} 1. d4 d5 2. c4 c6 3. cxd5 cxd5 4. Nf3 Nf6 5. Nc3 Nc6 6. Bf4 a6 7. e3 Bf5 8. Bd3 Bxd3 9. Qxd3 e6 10. a3 Bd6 11. Bxd6 Qxd6 12. O-O O-O 13. Rac1 {The position is equal.} Rfc8 {D13: Slav Defence: Exchange variation without ...Bf5.} 14. Ne2 {[#]} Ne4 $146 ({Predecessor:} 14... Ne7 15. h3 h6 16. Qb1 Rxc1 17. Rxc1 Qd8 18. Rc2 Rc8 19. Rxc8 Qxc8 20. Qc1 Qxc1+ 21. Nxc1 {½-½ (30) Tran,T (2509)-Nguyen,V (2468) Budapest 2019}) 15. Nd2 {Not much happened in this game.} 1/2-1/2